Administración de compras y abastecimientos / (Registro nro. 4754)
[ vista simple ]
| 000 -LEADER | |
|---|---|
| fixed length control field | 02373nam a2200361Ia 4500 |
| 003 - CONTROL NUMBER IDENTIFIER | |
| control field | OSt |
| 005 - DATE AND TIME OF LATEST TRANSACTION | |
| control field | 20210105124031.0 |
| 008 - FIXED-LENGTH DATA ELEMENTS--GENERAL INFORMATION | |
| fixed length control field | 191128t2012 mx ad gr 001 0dspa d |
| 020 ## - INTERNATIONAL STANDARD BOOK NUMBER | |
| International Standard Book Number | 9786071507587 |
| 040 ## - CATALOGING SOURCE | |
| Original cataloging agency | CO-JMCR |
| Transcribing agency | CO-JMCR |
| 041 1# - LANGUAGE CODE | |
| Language code of text/sound track or separate title | spa |
| Language code of original | eng |
| 082 04 - DEWEY DECIMAL CLASSIFICATION NUMBER | |
| Classification number | 658.72 / |
| Item number | J635a |
| Edition number | 23 |
| 100 1# - MAIN ENTRY--PERSONAL NAME | |
| Personal name | Johnson, P. Fraser, |
| Relator term | autor |
| 9 (RLIN) | 12666 |
| 245 10 - TITLE STATEMENT | |
| Title | Administración de compras y abastecimientos / |
| Statement of responsibility, etc. | P. Fraser Johnson, Michiel R. Leenders, Anna E. Flynn ; revisión técnica, Antonio Valentín Castro Martínez ; traducción, Jaime Gómez Mont Araiza |
| 250 ## - EDITION STATEMENT | |
| Edition statement | Decimocuarta edición |
| 260 ## - PUBLICATION, DISTRIBUTION, ETC. | |
| Place of publication, distribution, etc. | México : |
| Name of publisher, distributor, etc. | McGraw-Hill, |
| Date of publication, distribution, etc. | ©2012 |
| 300 ## - PHYSICAL DESCRIPTION | |
| Extent | xvii, 457 páginas : |
| Other physical details | gráficos a blanco y negro ; |
| Dimensions | 27 cm. |
| 490 0# - SERIES STATEMENT | |
| Series statement | Educación |
| 500 ## - GENERAL NOTE | |
| General note | Incluye índice analítico, notas a pie de página y datos biográficos de los autores. |
| 505 0# - FORMATTED CONTENTS NOTE | |
| Formatted contents note | Administración de las compras y del suministro -- Estrategia de suministro -- Organización del suministro -- Procesos y tecnología del suministro -- Fabricar o comprar, abastecimiento interno y abastecimiento externo -- Identificación y especificación de las necesidades -- Calidad -- Cantidad e inventario -- Entregas -- Precio -- Administración de costos -- Selección de proveedores -- Evaluación de proveedores y relaciones con proveedores -- Administración del suministro global -- Aspectos legales y ética -- Otras responsabilidades del suministro -- Evaluación y tendencias de la función del suministro |
| 520 3# - SUMMARY, ETC. | |
| Summary, etc. | La administración de compras y abastecimientos se ha convertido en una herramienta que ha adquirido cada vez más relevancia, pues es un determinante mayor de la supervivencia y éxito corporativos. El desempeño de la cadena de suministro no sólo influye sobre los riesgos operativos y financieros sino también sobre la reputación de las organizaciones. |
| 534 ## - ORIGINAL VERSION NOTE | |
| Introductory phrase | Traducido del inglés |
| 546 ## - LANGUAGE NOTE | |
| Language note | Purchasing and supply management |
| 650 14 - SUBJECT ADDED ENTRY--TOPICAL TERM | |
| Topical term or geographic name entry element | Abastecimiento |
| 9 (RLIN) | 12667 |
| 650 14 - SUBJECT ADDED ENTRY--TOPICAL TERM | |
| Topical term or geographic name entry element | Administración |
| 9 (RLIN) | 1809 |
| 650 24 - SUBJECT ADDED ENTRY--TOPICAL TERM | |
| Topical term or geographic name entry element | Administración de compras |
| 9 (RLIN) | 12663 |
| 650 24 - SUBJECT ADDED ENTRY--TOPICAL TERM | |
| Topical term or geographic name entry element | Logística en los negocios |
| 9 (RLIN) | 12210 |
| 700 1# - ADDED ENTRY--PERSONAL NAME | |
| Personal name | Leenders, Michiel R., |
| Relator term | autor |
| 9 (RLIN) | 12668 |
| 700 1# - ADDED ENTRY--PERSONAL NAME | |
| Personal name | Flynn, Anna E., |
| Relator term | autora |
| 9 (RLIN) | 12669 |
| 700 1# - ADDED ENTRY--PERSONAL NAME | |
| Personal name | Castro Martínez, Antonio Valentín, |
| Relator term | revisor |
| 9 (RLIN) | 12670 |
| 700 1# - ADDED ENTRY--PERSONAL NAME | |
| Personal name | Gómez Mont Araiza, Jaime, |
| Relator term | traductor |
| 9 (RLIN) | 12671 |
| 942 ## - ADDED ENTRY ELEMENTS (KOHA) | |
| Source of classification or shelving scheme | Dewey Decimal Classification |
| Koha item type | Books |
| Withdrawn status | Lost status | Source of classification or shelving scheme | Damaged status | Not for loan | Collection code | Home library | Current library | Date acquired | Source of acquisition | Full call number | Barcode | Date last seen | Copy number | Koha item type |
|---|---|---|---|---|---|---|---|---|---|---|---|---|---|---|
| Dewey Decimal Classification | Non-fiction | Biblioteca Pública José María del Castillo y Rada | Biblioteca Pública José María del Castillo y Rada | 04/15/2018 | Donación | 658.72 / J635a | 430000263 | 05/16/2024 | Ej.1 | Books |